| 000 | 00559 a2200217 4500 | ||
|---|---|---|---|
| 001 | 105085 | ||
| 041 | _apor | ||
| 090 | _aCD 782 SIM | ||
| 092 | _a94757293 | ||
| 100 | _aJohnson, Laura T. | ||
| 250 | _a. ed. | ||
| 300 | _a1 sound disc | ||
| 697 | _aGames with music. | ||
| 697 | _aPhysical education for children. | ||
| 697 | _aChildren's songs. | ||
| 856 | _u000007/0000070a.jpeg | ||
| 040 |
_aBR-BrIDEA _cBR-BrIDEA |
||
| 245 | 1 | 0 |
_aSimplified Lummi stick activities _c Laura T Johnson |
| 260 |
_a[S.l.] _bKimbo Educational _c1976 |
||
| 942 | _cMU | ||
| 999 |
_c105085 _d105085 |
||